000 00941cam a2200289 4500
008 090401t1991 xxu||||| |||| 00| 0 eng d
020 _a0727716530
035 _a(Sirsi) u2174
041 _aeng
050 _a690.0285
110 _aInstitution of Civil Engineers
_91402
245 _aApplications of information technology in construction.
260 _aLondon
_bThomas Telford Ltd.
_c1991
300 _a346p. ; 24cm.
350 _a45
520 _aVarious authors examine IT systems for project management, ports, water, coasts, geographic information systems, public utilities, roads and buildings.
650 _aBUILDING INDUSTRY
650 _aCOMPUTER AIDED DESIGN
650 _aCOMPUTERS
650 _aDATABASES
650 _aENGINEERING
650 _aLLOYDS REGISTER
690 _aMANAGEMENT-BUSINESS MANAGEMENT-INFORMATION MANAGEMENT
700 _aMaxwell, J.W.S.
_xEditor
942 _n0
948 _c04/03/1997
999 _c85734
_d85734